Stavebno-technologický projekt pre stavbu: Bytový komplex LUNA Residence Poprad - Matejovce

Salvato in:
Dettagli Bibliografici
Autore principale: Krolák, Boris (Autore)
Altri autori: Jankovichová, Eva (Relatore della tesi)
Natura: Manoscritto Libro
Lingua:slovacco
Pubblicazione: 2025
Soggetti:
Accesso online:http://is.stuba.sk/zp/portal_zp.pl?podrobnosti=182051
CRZP
Tags: Aggiungi Tag
Nessun Tag, puoi essere il primo ad aggiungerne!!

MARC

LEADER 00000ntm a22000003a 4500
001 stuzp104779
003 SK-STU
005 20250728110032.2
007 ta
008 150427s2015----xo-----f-mn---000-0-slo-d
040 |a STU  |b slo 
041 0 |a slo 
100 1 |a Krolák, Boris  |u 010270  |4 aut  |U SvF Stavebná fakulta  |T SvF Katedra technológie stavieb  |X 109959  |U V270  |Y 28  |7 109959 
242 0 1 |a Construction and technology project: Residential Complex LUNA Residence Poprad - Matejovce  |y eng 
245 1 0 |a Stavebno-technologický projekt pre stavbu: Bytový komplex LUNA Residence Poprad - Matejovce 
260 |c 2025 
650 4 |a Construction time schedule  |2 eng 
650 4 |a Construction site equipment  |2 eng 
650 4 |a Electronic construction diary  |2 eng 
650 4 |a Construcional-technologic project  |2 eng 
650 4 |a Časový harmonogram  |2 slo 
650 4 |a Stavebno-technologický projekt  |2 slo 
650 4 |a Elektronický stavebný denník  |2 slo 
650 4 |a Zariadenie staveniska  |2 slo 
700 1 |a Jankovichová, Eva  |u 010270  |k Z8  |4 ths  |U SvF Stavebná fakulta  |T SvF Katedra technológie stavieb  |X 647  |U V270  |Y 28  |7 A000000647 
856 4 |u http://is.stuba.sk/zp/portal_zp.pl?podrobnosti=182051 
856 4 |u https://opac.crzp.sk/?fn=detailBiblioForm&sid=BBB70232DB8D19E5F327BBDCF3EF  |z CRZP